Coming of age in Mississippi / (Record no. 118717)
[ view plain ]
| 000 -LEADER | |
|---|---|
| fixed length control field | 01623cam a2200301Ia 4500 |
| 001 - CONTROL NUMBER | |
| control field | 5012324 |
| 003 - CONTROL NUMBER IDENTIFIER | |
| control field | ARRUPE |
| 005 - DATE AND TIME OF LATEST TRANSACTION | |
| control field | 20131126141239.0 |
| 008 - FIXED-LENGTH DATA ELEMENTS--GENERAL INFORMATION | |
| fixed length control field | 870218t19761968nyu 000 0aeng d |
| 020 ## - INTERNATIONAL STANDARD BOOK NUMBER | |
| International Standard Book Number | 0440314887 |
| 035 ## - SYSTEM CONTROL NUMBER | |
| System control number | (OCoLC)ocm15208044 |
| 035 ## - SYSTEM CONTROL NUMBER | |
| System control number | (NNC)5012324 |
| 040 ## - CATALOGING SOURCE | |
| Original cataloging agency | WVQ |
| Transcribing agency | WVQ |
| Modifying agency | EMU |
| -- | OCL |
| -- | XY4 |
| -- | OCLCQ |
| 043 ## - GEOGRAPHIC AREA CODE | |
| Geographic area code | n-us-ms |
| 050 ## - LIBRARY OF CONGRESS CALL NUMBER | |
| Classification number | E185.97.M65 |
| Item number | A3 1976 |
| 300 ## - PHYSICAL DESCRIPTION | |
| Dimensions | 18 cm. |
| 100 1# - MAIN ENTRY--PERSONAL NAME | |
| Personal name | Moody, Anne, |
| Dates associated with a name | 1940- |
| 9 (RLIN) | 3961 |
| 245 10 - TITLE STATEMENT | |
| Title | Coming of age in Mississippi / |
| Statement of responsibility, etc | by Anne Moody. |
| 260 ## - PUBLICATION, DISTRIBUTION, ETC. (IMPRINT) | |
| Place of publication, distribution, etc | New York : |
| Name of publisher, distributor, etc | Dell, |
| Date of publication, distribution, etc | 1976, c1968. |
| 300 ## - PHYSICAL DESCRIPTION | |
| Extent | 384 p. ; |
| 500 ## - GENERAL NOTE | |
| General note | Autobiography. |
| 500 ## - GENERAL NOTE | |
| General note | "A Laurel book." |
| 505 0# - FORMATTED CONTENTS NOTE | |
| Formatted contents note | Childhood -- High school -- College -- Movement. |
| 520 ## - SUMMARY, ETC. | |
| Summary, etc | The story of a black girl growing up in the desperate poverty of rural Mississippi. Written without a trace of sentimentality or apology, this is an unforgettable personal story--the truth as a remarkable young woman named Anne Moody lived it. To read her book is to know what it is to have grown up black in Mississippi in the forties and fifties -- & to have survived with pride & courage intact. In this now classic autobiography, she details the sights, smells, & suffering of growing up in a racist society & candidly reveals the soul of a black girl who had the courage to challenge it. The result is a touchstone work: an accurate, authoritative portrait of black family life in the rural South & a moving account of a woman's indomitable heart. |
| 600 10 - SUBJECT ADDED ENTRY--PERSONAL NAME | |
| Personal name | Moody, Anne, |
| Dates associated with a name | 1940- |
| 9 (RLIN) | 3962 |
| 650 #0 - SUBJECT ADDED ENTRY--TOPICAL TERM | |
| Topical term or geographic name as entry element | African Americans |
| General subdivision | Civil rights |
| Geographic subdivision | Mississippi. |
| 9 (RLIN) | 3963 |
| 942 ## - ADDED ENTRY ELEMENTS (KOHA) | |
| Source of classification or shelving scheme | Library of Congress Classification |
| Koha item type | Monograph ( Printed materials) |
| Withdrawn status | Lost status | Source of classification or shelving scheme | Damaged status | Not for loan | Home library | Current library | Shelving location | Date acquired | Total Checkouts | Full call number | Barcode | Date last seen | Price effective from | Koha item type |
|---|---|---|---|---|---|---|---|---|---|---|---|---|---|---|
| Library of Congress Classification | ARRUPE LIBRARY | ARRUPE LIBRARY | Main Collection | 26/11/2013 | E185.97.M65 A3 1976 | 46410902 | 13/12/2017 | 26/11/2013 | Monograph ( Printed materials) |